|
|
|
|
| LEADER |
00991nam a22002657a 4500 |
| 001 |
41194 |
| 003 |
BD-DhAAL |
| 008 |
230515t2004 ko ||||| |||| 00| 0 kor d |
| 020 |
|
|
|a 9788950906337
|
| 020 |
|
|
|a 8950906333
|
| 040 |
|
|
|a BD-DhAAL
|c BD-DhAAL
|
| 082 |
|
|
|a 658.4012
|
| 100 |
|
|
|a Kaplan, Robert S.
|9 54217
|
| 245 |
|
|
|a Strategy maps /
|c Robert S. Kaplan and David P. Norton.
|
| 260 |
|
|
|a Seoul, South Korea :
|b Buk 21,
|c c2004.
|
| 300 |
|
|
|a 559 pages :
|b illustrations ;
|c 25 cm.
|
| 541 |
|
|
|a Complimentary copy from Dr. Sang Hoon Lee, Dean of Brac Business School, Brac University
|e 41194
|
| 650 |
|
|
|a Strategy.
|
| 650 |
|
|
|a Management.
|
| 650 |
|
|
|a Business.
|
| 700 |
|
|
|a Norton, David P.
|9 54218
|
| 852 |
|
|
|a Ayesha Abed Library
|c General Stacks
|
| 942 |
|
|
|2 ddc
|c BK
|
| 999 |
|
|
|c 45753
|d 45753
|
| 952 |
|
|
|0 0
|1 0
|2 ddc
|4 0
|6 658_401200000000000_KAP
|7 0
|9 73631
|a BRACUL
|b BRACUL
|c GEN
|d 2023-05-15
|e Complimentary copy from Dr. Sang Hoon Lee
|l 0
|o 658.4012 KAP
|p 3010041194
|r 2023-05-15
|t 1
|w 2023-05-15
|y BK
|